| 000 | 006350000a22001930004500 | ||
|---|---|---|---|
| 003 | MACL | ||
| 005 | 20151212134317.0 | ||
| 008 | 151212b xxu||||| |||| 00| 0 eng d | ||
| 040 |
_aMACL _cMACL |
||
| 041 | _aHindi | ||
| 082 | _a741.642 | ||
| 100 |
_aइंजी मनोज अग्रवाल _920061 |
||
| 245 | _aराष्टगौरव महाराणा प्रताप | ||
| 260 |
_bप्रगति प्रकाशन _c2009 |
||
| 350 | _a100 | ||
| 650 |
_aचिल्डन बुक _9314 |
||
| 690 | _a…s…·…ý…_ƒ__…Ư…_…̜…" …®…_… | ||
| 942 |
_cHIN _k741.642 _2ddc |
||
| 999 |
_c46796 _d46796 |
||